Tragedy and the tragic : Greek theatre and beyond
Saved in:
| Other Authors: | |
|---|---|
| Format: | Book |
| Language: | English |
| Published: |
Oxford :
Oxford University Press,
1998
|
| Subjects: | |
| Tags: |
Add Tag
No Tags, Be the first to tag this record!
|
MARC
| LEADER | 00000cam a2200000 i 4500 | ||
|---|---|---|---|
| 001 | 1/38509 | ||
| 008 | 030724s1998 uk eng d | ||
| 020 | |a 0-19-815259-0 | ||
| 035 | |l 10070454 | ||
| 040 | |a GR-MY-UA |b gre |e aacr | ||
| 041 | 0 | |a eng | |
| 082 | 0 | |a 882.0109 | |
| 245 | 1 | 0 | |a Tragedy and the tragic : |b Greek theatre and beyond / |c edited by M. S. Silk |
| 260 | |a Oxford : |b Oxford University Press, |c 1998 | ||
| 300 | |a 566 p. | ||
| 650 | 0 | 0 | |a Greek drama (Tragedy) |x History and criticism. |
| 650 | 0 | 0 | |a Theater |z Greece |x History. |
| 650 | 0 | 0 | |a Tragic, The. |
| 700 | 1 | |a Silk, M. S. |q (Michael Stephen), |d 1941- |4 edt | |
| 852 | |a INST |b RHODES |e 20030724 |h 882.0109 TRA |p 005400020202 |q 005400020202 |t BK |y 0 | ||
| 901 | |a BIBL4-2003-2 | ||
| 909 | |a Ρ |b 104898 | ||
| 970 | |a ΚΟΥΛΑΚΙΟΤΗ |b ΛΙΤΣΑ |z 2003/07/24 | ||